Oracle8 DBA: Network Administration (Record no. 351988)
[ view plain ]
| 000 -LEADER | |
|---|---|
| fixed length control field | 00529nam a22001817a 4500 |
| 003 - CONTROL NUMBER IDENTIFIER | |
| control field | OSt |
| 005 - DATE AND TIME OF LATEST TRANSACTION | |
| control field | 20180116183104.0 |
| 008 - FIXED-LENGTH DATA ELEMENTS--GENERAL INFORMATION | |
| fixed length control field | 170726b xxu||||| |||| 00| 0 eng d |
| 020 ## - INTERNATIONAL STANDARD BOOK NUMBER | |
| International Standard Book Number | 0 |
| 040 ## - CATALOGING SOURCE | |
| Transcribing agency | 0 |
| 082 ## - DEWEY DECIMAL CLASSIFICATION NUMBER | |
| Classification number | 005.75 PAS 2000 |
| 100 ## - MAIN ENTRY--PERSONAL NAME | |
| Personal name | Barbara Ann Pascavage |
| 245 ## - TITLE STATEMENT | |
| Title | Oracle8 DBA: Network Administration |
| Remainder of title | Oracle Certified Professional |
| Statement of responsibility, etc. | Barbara Ann Pascavage |
| 260 ## - PUBLICATION, DISTRIBUTION, ETC. | |
| Place of publication, distribution, etc. | New Delhi India |
| Name of publisher, distributor, etc. | dreamtech Presss |
| Date of publication, distribution, etc. | 2000 |
| 300 ## - PHYSICAL DESCRIPTION | |
| Extent | 337p. |
| Other physical details | pb. |
| 440 ## - SERIES STATEMENT/ADDED ENTRY--TITLE | |
| Title | Oracle8 DBA: Network Administration |
| 942 ## - ADDED ENTRY ELEMENTS (KOHA) | |
| Source of classification or shelving scheme | |
| Koha item type | Book |
| Withdrawn status | Lost status | Source of classification or shelving scheme | Damaged status | Not for loan | Collection code | Permanent Location | Current Location | Shelving location | Date acquired | Total Checkouts | Full call number | Barcode | Date last seen | Date last checked out | Price effective from | Koha item type |
|---|---|---|---|---|---|---|---|---|---|---|---|---|---|---|---|---|
| Central Library (CL) | Central Library (CL) | First Floor - Databases | 07/26/2017 | 1 | 005.75 PAS 2000 | NBS4056 | 11/22/2017 | 08/01/2017 | 07/26/2017 | Book |
